فضائل صحابہ و آہل بیت (Record no. 553758)
[ view plain ]
| 000 -LEADER | |
|---|---|
| fixed length control field | 00341nam a22001217a 4500 |
| 082 ## - DEWEY DECIMAL CLASSIFICATION NUMBER | |
| Classification number | 297.64 |
| Author Mark | DEH |
| -- | L-31,P-100 |
| 100 ## - MAIN ENTRY--PERSONAL NAME | |
| Personal name | Shah,Abdul Aziz |
| 9 (RLIN) | 51022 |
| 245 ## - TITLE STATEMENT | |
| Title | فضائل صحابہ و آہل بیت |
| 260 ## - PUBLICATION, DISTRIBUTION, ETC. | |
| Place of publication, distribution, etc. | Lahore.: |
| Name of publisher, distributor, etc. | Begum Hamayun Trust, |
| Date of publication, distribution, etc. | 1967. |
| 300 ## - PHYSICAL DESCRIPTION | |
| Extent | 352p. |
| 526 ## - STUDY PROGRAM INFORMATION NOTE | |
| Program name | 0 |
| Interest level | 0 |
| Reading level | 0 |
| Title point value | 297_640000000000000_DEH |
| 942 ## - ADDED ENTRY ELEMENTS (KOHA) | |
| Source of classification or shelving scheme | |
| Koha item type | Book |
| Withdrawn status | Lost status | Source of classification or shelving scheme | Damaged status | Not for loan | Permanent Location | Current Location | Date acquired | Total Checkouts | Full call number | Barcode | Date last seen | Price effective from | Koha item type |
|---|---|---|---|---|---|---|---|---|---|---|---|---|---|
| Military College of Engineering (MCE) | Military College of Engineering (MCE) | 03/06/2017 | 297.64 DEH | MCE-5289 | 03/06/2017 | 03/06/2017 | Book |
